[Event "NRW Class1 1819"]
[Site "Germany"]
[Date "2019.05.12"]
[Round "9.2"]
[White "Suvorov, Luca"]
[Black "Podzielny, Karl Heinz"]
[Result "1-0"]
[WhiteElo "2144"]
[BlackElo "2394"]
[PlyCount "113"]
[EventDate "2018.09.16"]
[EventType "team-tourn"]
[EventRounds "9"]
[EventCountry "GER"]
[SourceTitle "EXT 2023"]
[Source "ChessBase"]
[SourceDate "2022.10.05"]
[SourceVersion "1"]
[SourceVersionDate "2022.10.05"]
[SourceQuality "1"]
[WhiteTeam "Porz SG II"]
[BlackTeam "Letmathe"]
[WhiteTeamCountry "GER"]
[BlackTeamCountry "GER"]

1. d4 Nf6 2. c4 g6 3. f3 Bg7 4. e4 d6 5. Nc3 e5 6. Nge2 Nbd7 7. Be3 exd4 8. Nxd4 0-0 9. Be2 Re8 10. Qd2 a6 11. 0-0 Ne5 12. Rad1 Rb8 13. h3 Bd7 14. f4 Nc6 15. Bf3 b5 16. e5 Nxd4 17. Qxd4 b4 18. Ne2 Qe7 19. Qa7 dxe5 20. fxe5 Qxe5 21. Bd4 Qf5 22. Bxf6 Bxf6 23. Bg4 Qc2 24. Rxd7 Rbd8 25. Qxc7 Qxb2 26. Re1 Rxd7 27. Qxd7 Re7 28. Qd6 Kg7 29. Qxa6 Bg5 30. c5 h5 31. Bf3 Be3+ 32. Kh1 Bxc5 33. Qc4 Qe5 34. Rc1 Be3 35. Rb1 Bc5 36. Rc1 Be3 37. Rd1 Bc5 38. Qd5 Qe3 39. Qb3 Qe5 40. Rd5 Qa1+ 41. Qd1 Qxd1+ 42. Rxd1 Ra7 43. Bd5 h4 44. g3 hxg3 45. Kg2 f5 46. Nxg3 Kf6 47. Bb3 Be7 48. Re1 Ra6 49. h4 Bf8 50. Re8 Bh6 51. Rb8 Bd2 52. Re8 Bh6 53. Rb8 Bd2 54. h5 Ke5 55. Re8+ Kf4 56. h6 Ra7 57. Bg8 1-0

[Event "Gelsenkirchen Silvester op 6th"]
[Site "Gelsenkirchen"]
[Date "2018.12.30"]
[Round "7"]
[White "Quast, Marcel"]
[Black "Podzielny, Karl Heinz"]
[Result "0-1"]
[WhiteElo "2222"]
[BlackElo "2397"]
[PlyCount "86"]
[EventDate "2018.12.27"]
[EventType "swiss"]
[EventRounds "7"]
[EventCountry "GER"]
[SourceTitle "CBM 188 Extra"]
[Source "ChessBase"]
[SourceDate "2019.02.26"]
[SourceVersion "1"]
[SourceVersionDate "2019.02.26"]
[SourceQuality "1"]

1. e4 g6 2. d4 Bg7 3. Nc3 d6 4. Nge2 a6 5. g3 b5 6. a3 Nd7 7. Bg2 Rb8 8. 0-0 Ngf6 9. h3 c5 10. Be3 cxd4 11. Nxd4 Bb7 12. Nde2 Qc7 13. Rb1 Rc8 14. Qd2 h5 15. Nf4 e6 16. Rfd1 Bf8 17. Nd3 Qb8 18. Bg5 Be7 19. Re1 e5 20. Nb4 Nb6 21. Bxf6 Bxf6 22. Nbd5 Nxd5 23. Nxd5 Bxd5 24. exd5 0-0 25. c3 Kg7 26. Re4 Bd8 27. a4 f5 28. Rb4 Ba5 29. Rb3 f4 30. axb5 axb5 31. Qd3 b4 32. g4 hxg4 33. hxg4 f3 34. cxb4 Bb6 35. Bxf3 Rf4 36. Re1 Rcf8 37. Qd1 e4 38. Bg2 Bxf2+ 39. Kh1 Rh8+ 40. Bh3 Qf8 41. Re2 e3 42. Kg2 Rxh3 43. Kxh3 Rf3+ 0-1

[Event "Gelsenkirchen Silvester op 6th"]
[Site "Gelsenkirchen"]
[Date "2018.12.27"]
[Round "2"]
[White "Podzielny, Karl Heinz"]
[Black "Schmidt, Kevin"]
[Result "1-0"]
[WhiteElo "2397"]
[BlackElo "1871"]
[PlyCount "49"]
[EventDate "2018.12.27"]
[EventType "swiss"]
[EventRounds "7"]
[EventCountry "GER"]
[SourceTitle "CBM 188 Extra"]
[Source "ChessBase"]
[SourceDate "2019.02.26"]
[SourceVersion "1"]
[SourceVersionDate "2019.02.26"]
[SourceQuality "1"]

1. d4 Nf6 2. Nf3 e6 3. g3 d5 4. Bg2 Bd6 5. c4 c6 6. Qc2 Nbd7 7. Nbd2 0-0 8. 0-0 e5 9. dxe5 Nxe5 10. Nxe5 Bxe5 11. Nf3 Bd6 12. cxd5 Nxd5 13. e4 Nb6 14. Rd1 Qc7 15. Qd3 Be7 16. Bf4 Qd7 17. Qc2 Qe6 18. b3 h6 19. a4 f5 20. Nd4 Qg6 21. a5 Nd7 22. Nxf5 Bf6 23. a6 Nb6 24. axb7 Bxb7 25. e5 1-0

[Event "NRW Class2 1718"]
[Site "Germany"]
[Date "2018.02.18"]
[Round "6.2"]
[White "Andreev, Eduard"]
[Black "Podzielny, Karl Heinz"]
[Result "1-0"]
[WhiteElo "2383"]
[BlackElo "2355"]
[PlyCount "51"]
[EventDate "2017.09.17"]
[EventType "team-tourn"]
[EventRounds "9"]
[EventCountry "GER"]
[SourceTitle "EXT 2019"]
[Source "ChessBase"]
[SourceDate "2018.10.10"]
[SourceVersion "1"]
[SourceVersionDate "2018.10.10"]
[SourceQuality "1"]
[WhiteTeam "Siegburg"]
[BlackTeam "Letmathe"]
[WhiteTeamCountry "GER"]
[BlackTeamCountry "GER"]

1. e4 c5 2. Nf3 e6 3. d4 cxd4 4. Nxd4 a6 5. Nc3 Qc7 6. Bd3 Nf6 7. f4 d6 8. Qe2 Nbd7 9. g4 h6 10. Bd2 b5 11. a3 Bb7 12. Rf1 e5 13. Nf5 g6 14. fxe5 dxe5 15. Nxh6 Rxh6 16. g5 Rh3 17. gxf6 Nc5 18. 0-0-0 0-0-0 19. Qg4+ Qd7 20. Be2 Qe6 21. Qxe6+ fxe6 22. Bg4 Rxh2 23. Be3 Rxd1+ 24. Rxd1 Kc7 25. f7 Bc8 26. Bg5 1-0

[Event "Gelsenkirchen Silvester op 5th"]
[Site "Gelsenkirchen"]
[Date "2017.12.27"]
[Round "2"]
[White "Podzielny, Karl Heinz"]
[Black "Ciornei, Dragos"]
[Result "1-0"]
[WhiteElo "2350"]
[BlackElo "2050"]
[PlyCount "53"]
[EventDate "2017.12.27"]
[EventType "swiss"]
[EventRounds "5"]
[EventCountry "GER"]
[SourceTitle "CBM 182 Extra"]
[Source "ChessBase"]
[SourceDate "2018.02.23"]
[SourceVersion "1"]
[SourceVersionDate "2018.02.23"]
[SourceQuality "1"]

1. d4 Nf6 2. Nf3 g6 3. c4 Bg7 4. Nc3 d6 5. Bg5 h6 6. Bh4 g5 7. Bg3 Nh5 8. e3 c5 9. dxc5 Qa5 10. cxd6 Nxg3 11. hxg3 Bxc3+ 12. bxc3 Qxc3+ 13. Nd2 exd6 14. Be2 Nc6 15. Rb1 Kf8 16. Rb3 Qe5 17. Rb5 Qe7 18. Qa1 Kg8 19. Ne4 Qxe4 20. Rxg5+ Kf8 21. Qxh8+ Ke7 22. Rb5 Ne5 23. Rxh6 Ng6 24. Qd4 Qxd4 25. exd4 b6 26. Bd3 Bd7 27. Bxg6 1-0

[Event "NRW Class2 1718"]
[Site "Germany"]
[Date "2017.11.19"]
[Round "3.2"]
[White "Lupor, Andre"]
[Black "Podzielny, Karl Heinz"]
[Result "0-1"]
[WhiteElo "2219"]
[BlackElo "2355"]
[PlyCount "124"]
[EventDate "2017.09.17"]
[EventType "team-tourn"]
[EventRounds "9"]
[EventCountry "GER"]
[SourceTitle "EXT 2019"]
[Source "ChessBase"]
[SourceDate "2018.10.10"]
[SourceVersion "1"]
[SourceVersionDate "2018.10.10"]
[SourceQuality "1"]
[WhiteTeam "Ennepe Ruhr Sued"]
[BlackTeam "Letmathe"]
[WhiteTeamCountry "GER"]
[BlackTeamCountry "GER"]

1. d4 Nf6 2. c4 g6 3. Nc3 Bg7 4. e4 d6 5. Nf3 0-0 6. Be2 c6 7. 0-0 a6 8. Re1 b5 9. e5 dxe5 10. dxe5 Ng4 11. Qxd8 Rxd8 12. Bf4 Nd7 13. Rad1 Rf8 14. Bf1 Nc5 15. h3 Ne6 16. Bc1 Nh6 17. b4 Ra7 18. a3 Rd7 19. Rxd7 Bxd7 20. a4 bxa4 21. Nxa4 Rb8 22. Bd2 Nf5 23. c5 Nc7 24. Nb6 Be8 25. g4 Nh6 26. Nd4 Rd8 27. Nb3 Nb5 28. Bg5 f6 29. exf6 exf6 30. Bf4 Bf7 31. Na5 Nd4 32. Bg2 g5 33. Bd6 Re8 34. Rd1 f5 35. Nxc6 Ne2+ 36. Kf1 Nc3 37. Re1 fxg4 38. Rxe8+ Bxe8 39. Ne7+ Kf7 40. Ned5 Bb5+ 41. Kg1 Ne2+ 42. Kh2 gxh3 43. Bxh3 g4 44. Bf1 Nf5 45. Bb8 Nfd4 46. Nf4 Nc3 47. Bxb5 axb5 48. Nbd5 Nc6 49. Bd6 Ne4 50. Nd3 Nd4 51. Bf4 Ke6 52. Nc7+ Kd7 53. Nd5 h5 54. Kg2 Nf5 55. Kf1 Kc6 56. Nb6 h4 57. Be5 Nd2+ 58. Ke2 Nf3 59. Bxg7 Nxg7 60. Nf4 h3 61. Kf1 Nf5 62. Nfd5 N5h4 0-1

[Event "NRW Class2 1718"]
[Site "Germany"]
[Date "2017.10.15"]
[Round "2.2"]
[White "Podzielny, Karl Heinz"]
[Black "Bosch, Jeroen"]
[Result "0-1"]
[WhiteElo "2355"]
[BlackElo "2409"]
[PlyCount "98"]
[EventDate "2017.09.17"]
[EventType "team-tourn"]
[EventRounds "9"]
[EventCountry "GER"]
[SourceTitle "EXT 2019"]
[Source "ChessBase"]
[SourceDate "2018.10.10"]
[SourceVersion "1"]
[SourceVersionDate "2018.10.10"]
[SourceQuality "1"]
[WhiteTeam "Letmathe"]
[BlackTeam "Plettenberg"]
[WhiteTeamCountry "GER"]
[BlackTeamCountry "GER"]

1. d4 d5 2. Nf3 Nf6 3. c4 e6 4. Nc3 Be7 5. Bg5 0-0 6. Qc2 Nbd7 7. e3 c5 8. cxd5 Nxd5 9. Bxe7 Qxe7 10. Nxd5 exd5 11. Rc1 c4 12. g3 b5 13. Bg2 Nb6 14. 0-0 Bb7 15. h4 Rad8 16. Ng5 g6 17. Rfe1 Bc8 18. Qd2 f6 19. Nh3 Bxh3 20. Bxh3 b4 21. b3 f5 22. Bg2 a5 23. bxc4 dxc4 24. e4 c3 25. Qd3 fxe4 26. Rxe4 Qf7 27. Rc2 Nc4 28. Rf4 Qc7 29. Rxf8+ Kxf8 30. h5 Qf7 31. d5 Nd2 32. Rc1 gxh5 33. Qa6 Kg7 34. Qxa5 Rf8 35. Qc5 h4 36. gxh4 Nf3+ 37. Bxf3 Qxf3 38. Qe7+ Rf7 39. Qg5+ Kh8 40. Qe3 Rg7+ 41. Kf1 Qxd5 42. Re1 c2 43. Ke2 Rg6 44. Qe8+ Kg7 45. Qe7+ Kh6 46. Qf8+ Kh5 47. Qf3+ Qxf3+ 48. Kxf3 Rf6+ 49. Kg3 Ra6 0-1

[Event "NRW Class2 1718"]
[Site "Germany"]
[Date "2017.09.17"]
[Round "1.1"]
[White "Podzielny, Karl Heinz"]
[Black "Weidemann, Christian"]
[Result "1-0"]
[WhiteElo "2355"]
[BlackElo "2278"]
[PlyCount "102"]
[EventDate "2017.09.17"]
[EventType "team-tourn"]
[EventRounds "9"]
[EventCountry "GER"]
[SourceTitle "EXT 2019"]
[Source "ChessBase"]
[SourceDate "2018.10.10"]
[SourceVersion "1"]
[SourceVersionDate "2018.10.10"]
[SourceQuality "1"]
[WhiteTeam "Letmathe"]
[BlackTeam "Kamen"]
[WhiteTeamCountry "GER"]
[BlackTeamCountry "GER"]

1. d4 Nf6 2. Nf3 d5 3. c4 c5 4. dxc5 e6 5. Nc3 Bxc5 6. cxd5 exd5 7. e3 Nc6 8. a3 a6 9. b4 Bb6 10. Na4 Bc7 11. Bb2 0-0 12. Be2 Qd6 13. Rc1 Rd8 14. Nc5 Ne4 15. Nd4 Qg6 16. Bf3 Ne5 17. Nd3 Nc4 18. Qe2 Ned2 19. Ba1 Bf5 20. Nxf5 Qxf5 21. Rd1 Nxf3+ 22. gxf3 Rac8 23. Rg1 f6 24. f4 Bb6 25. a4 a5 26. bxa5 Bxa5+ 27. Kf1 Rc6 28. Rg3 Nd6 29. Qg4 Qxg4 30. Rxg4 Ne4 31. f5 Rc2 32. Kg2 Rdc8 33. Bd4 Ra2 34. Rb1 Rc7 35. Rb5 Rxa4 36. Rxd5 Nc3 37. Rd8+ Kf7 38. Rh4 Re7 39. Ra8 b5 40. Nf4 Bb4 41. Rc8 Re8 42. Rc7+ Re7 43. Rxe7+ Kxe7 44. Rxh7 Kd6 45. Rxg7 Ne4 46. h4 Be1 47. Nd3 Bxf2 48. Kf3 Bxh4 49. Kxe4 Kc6 50. Nf4 b4 51. Nd5 Kb5 1-0

[Event "Dortmund Sparkassen op-A 45th"]
[Site "Dortmund"]
[Date "2017.07.22"]
[Round "8"]
[White "Podzielny, Karl Heinz"]
[Black "Schleining, Zoya"]
[Result "1/2-1/2"]
[WhiteElo "2395"]
[BlackElo "2369"]
[PlyCount "112"]
[EventDate "2017.07.15"]
[EventType "swiss"]
[EventRounds "9"]
[EventCountry "GER"]
[SourceTitle "CBM 179 Extra"]
[Source "ChessBase"]
[SourceDate "2017.08.23"]
[SourceVersion "1"]
[SourceVersionDate "2017.08.23"]
[SourceQuality "1"]

1. c4 b6 2. Nf3 Bb7 3. d4 e6 4. Nc3 Bb4 5. Bg5 Nf6 6. Rc1 h6 7. Bh4 g5 8. Bg3 Ne4 9. e3 Bxc3+ 10. bxc3 d6 11. Nd2 Nxg3 12. hxg3 Nd7 13. a4 c5 14. a5 Qe7 15. e4 f5 16. Bd3 0-0-0 17. Qe2 Qf6 18. Nb3 h5 19. Rb1 Kc7 20. Qe3 f4 21. gxf4 gxf4 22. Qe2 e5 23. d5 Rdg8 24. Qf3 Rg5 25. Bf1 Qg6 26. Nd2 Nf6 27. Qd3 h4 28. Kd1 Bc8 29. Qc2 Rxg2 30. Qb3 Nd7 31. Bxg2 Qxg2 32. Kc2 h3 33. Qb5 Kd8 34. Rbg1 f3 35. Qc6 Ke7 36. Qc7 h2 37. Rxg2 fxg2 38. Rxh2 Rxh2 39. Nf3 Rh8 40. Kb3 bxa5 41. Qxa5 Rf8 42. Ng1 Rxf2 43. Qc7 Rf8 44. Qc6 Rf1 45. Nh3 Bb7 46. Qa4 Rb1+ 47. Ka2 Rh1 48. Qc2 Rxh3 49. Qxg2 Rh7 50. Qg5+ Nf6 51. Qf5 Rh2+ 52. Kb3 Ne8 53. Qg5+ Kd7 54. Qf5+ Kd8 55. Qg5+ Kc8 56. Qf5+ Kd8 1/2-1/2

[Event "Dortmund Sparkassen op-A 45th"]
[Site "Dortmund"]
[Date "2017.07.20"]
[Round "6"]
[White "Podzielny, Karl Heinz"]
[Black "Osipiak, Grzegorz"]
[Result "0-1"]
[WhiteElo "2395"]
[BlackElo "2338"]
[PlyCount "70"]
[EventDate "2017.07.15"]
[EventType "swiss"]
[EventRounds "9"]
[EventCountry "GER"]
[SourceTitle "CBM 179 Extra"]
[Source "ChessBase"]
[SourceDate "2017.08.23"]
[SourceVersion "1"]
[SourceVersionDate "2017.08.23"]
[SourceQuality "1"]

1. c4 Nf6 2. Nc3 g6 3. e4 d6 4. d4 Bg7 5. Be2 0-0 6. Nf3 e5 7. 0-0 Nc6 8. d5 Ne7 9. b4 Nh5 10. g3 f5 11. Ng5 Nf6 12. Bf3 c6 13. Ba3 h6 14. Ne6 Bxe6 15. dxe6 fxe4 16. Nxe4 Nf5 17. b5 Ne8 18. Bg4 c5 19. Nc3 Nc7 20. Bf3 e4 21. Nxe4 Bxa1 22. Qxa1 Nxe6 23. Nc3 Qd7 24. Bd5 Kh7 25. h4 Ned4 26. Qb1 Nxh4 27. f4 Qg4 28. Qd3 Rae8 29. Kh2 Nhf5 30. Ne4 b6 31. Rf2 Re7 32. Bb2 Kg7 33. Bc6 h5 34. Qf3 Qxf3 35. Rxf3 Kh6 0-1

[Event "Dortmund Sparkassen op-A 45th"]
[Site "Dortmund"]
[Date "2017.07.19"]
[Round "5"]
[White "Wilke, Werner"]
[Black "Podzielny, Karl Heinz"]
[Result "0-1"]
[WhiteElo "2225"]
[BlackElo "2395"]
[PlyCount "42"]
[EventDate "2017.07.15"]
[EventType "swiss"]
[EventRounds "9"]
[EventCountry "GER"]
[SourceTitle "CBM 179 Extra"]
[Source "ChessBase"]
[SourceDate "2017.08.23"]
[SourceVersion "1"]
[SourceVersionDate "2017.08.23"]
[SourceQuality "1"]

1. e4 c5 2. Nf3 e6 3. g3 d5 4. exd5 exd5 5. d4 Nf6 6. Bg2 Be7 7. 0-0 0-0 8. Be3 Nc6 9. dxc5 Ng4 10. Bf4 Bxc5 11. Nc3 Nf6 12. Ne5 Re8 13. Nxc6 bxc6 14. Qd2 Bf5 15. Rfe1 Qd7 16. Na4 Bf8 17. b4 Ne4 18. Qd4 g5 19. Be5 Rxe5 20. Qxe5 Bg7 21. Rxe4 dxe4 0-1

[Event "NRW Class2 1617"]
[Site "Germany"]
[Date "2017.05.21"]
[Round "9.1"]
[White "Podzielny, Karl Heinz"]
[Black "Kabatianski, Alexander"]
[Result "1/2-1/2"]
[WhiteElo "2389"]
[BlackElo "2394"]
[PlyCount "117"]
[EventDate "2016.09.25"]
[EventType "team-tourn"]
[EventRounds "9"]
[EventCountry "GER"]
[SourceTitle "EXT 2023"]
[Source "ChessBase"]
[SourceDate "2022.10.05"]
[SourceVersion "1"]
[SourceVersionDate "2022.10.05"]
[SourceQuality "1"]
[WhiteTeam "Letmathe"]
[BlackTeam "Emsdetten Rochade"]
[WhiteTeamCountry "GER"]
[BlackTeamCountry "GER"]

1. d4 Nf6 2. Nf3 e6 3. g3 b6 4. Bg2 Bb7 5. 0-0 c5 6. c4 cxd4 7. Qxd4 Be7 8. Nc3 d6 9. Rd1 a6 10. Ng5 Bxg2 11. Kxg2 Nc6 12. Qf4 Ra7 13. b3 Rd7 14. Bb2 0-0 15. Nce4 Ne8 16. h4 h6 17. Nh3 d5 18. cxd5 exd5 19. Nd2 Nf6 20. Rac1 Rd6 21. Qf3 Qd7 22. Nf4 a5 23. Qd3 Rd8 24. Nf3 Nb4 25. Qb1 Nc6 26. Ne5 Qb7 27. Kg1 Nxe5 28. Bxe5 R6d7 29. Qf5 Ne8 30. Rd3 Bc5 31. Rcd1 g6 32. Qg4 d4 33. Ng2 Ng7 34. Qf4 Qc6 35. Qxh6 Bf8 36. Nf4 Qe4 37. Bf6 Rd6 38. Qg5 Rc8 39. h5 Rc5 40. Qg4 Rxf6 41. Rxd4 Qf5 42. Qxf5 Nxf5 43. Rd8 gxh5 44. Nxh5 Rfc6 45. g4 Ng7 46. Ng3 Ne6 47. Rb8 Rc1 48. Rxc1 Rxc1+ 49. Kg2 Rc2 50. a4 Rc6 51. Nf5 Kh7 52. e3 Bc5 53. Kf3 Ng7 54. Ng3 Bd6 55. Rb7 Bxg3 56. Kxg3 Kg6 57. f4 f5 58. Kf3 Kf6 59. Rb8 1/2-1/2

[Event "NRW Class2 1617"]
[Site "Germany"]
[Date "2017.03.26"]
[Round "8.2"]
[White "Podzielny, Karl Heinz"]
[Black "Nordsieck, Thomas"]
[Result "1-0"]
[WhiteElo "2389"]
[BlackElo "2344"]
[PlyCount "73"]
[EventDate "2016.09.25"]
[EventType "team-tourn"]
[EventRounds "9"]
[EventCountry "GER"]
[SourceTitle "EXT 2023"]
[Source "ChessBase"]
[SourceDate "2022.10.05"]
[SourceVersion "1"]
[SourceVersionDate "2022.10.05"]
[SourceQuality "1"]
[WhiteTeam "Letmathe"]
[BlackTeam "Herford Koenigsspringer"]
[WhiteTeamCountry "GER"]
[BlackTeamCountry "GER"]

1. d4 g6 2. g3 Bg7 3. Bg2 c5 4. d5 e5 5. Nc3 d6 6. Nf3 Nd7 7. a4 Nh6 8. e4 0-0 9. h4 Nf6 10. Ng5 a6 11. a5 Rb8 12. Bd2 b5 13. axb6 Rxb6 14. Na4 Rb8 15. b3 Nhg4 16. f3 Nh6 17. g4 Ne8 18. Nb2 Qe7 19. Nc4 f5 20. gxf5 gxf5 21. Bh3 Nf6 22. Be3 Nh5 23. Ne6 Ng3 24. Bg5 Rf6 25. Rg1 f4 26. Nxg7 Qxg7 27. Bxc8 Rxc8 28. Bxf6 Qxf6 29. Rxa6 Nf7 30. Kd2 Rd8 31. Kc3 Qxh4 32. Qd2 Qh5 33. Qf2 Kh8 34. Kb2 Qh6 35. Rga1 Qf6 36. Qxc5 Qg6 37. Qc7 1-0

[Event "NRW Class2 1617"]
[Site "Germany"]
[Date "2017.01.22"]
[Round "5.2"]
[White "Jens, Jelmer"]
[Black "Podzielny, Karl Heinz"]
[Result "1-0"]
[WhiteElo "2386"]
[BlackElo "2389"]
[PlyCount "45"]
[EventDate "2016.09.25"]
[EventType "team-tourn"]
[EventRounds "9"]
[EventCountry "GER"]
[SourceTitle "EXT 2023"]
[Source "ChessBase"]
[SourceDate "2022.10.05"]
[SourceVersion "1"]
[SourceVersionDate "2022.10.05"]
[SourceQuality "1"]
[WhiteTeam "Erkenschwick"]
[BlackTeam "Letmathe"]
[WhiteTeamCountry "GER"]
[BlackTeamCountry "GER"]

1. e4 c5 2. Nf3 e6 3. d4 cxd4 4. Nxd4 a6 5. Bd3 Nf6 6. 0-0 Qc7 7. Qe2 d6 8. f4 Nbd7 9. c4 h5 10. Kh1 Be7 11. b3 b6 12. Bb2 Qc5 13. b4 Qc7 14. Nc3 g6 15. Rac1 h4 16. Nd5 exd5 17. cxd5 Qb7 18. Nc6 Rh5 19. e5 dxe5 20. fxe5 Nxd5 21. Be4 Nxe5 22. Bxd5 Bg4 23. Nxe5 1-0

[Event "Gelsenkirchen Silvester op 4th"]
[Site "Gelsenkirchen"]
[Date "2016.12.29"]
[Round "5"]
[White "Kiese, Matthias"]
[Black "Podzielny, Karl Heinz"]
[Result "0-1"]
[WhiteElo "2264"]
[BlackElo "2401"]
[PlyCount "134"]
[EventDate "2016.12.27"]
[EventType "swiss"]
[EventRounds "5"]
[EventCountry "GER"]
[SourceTitle "EXT 2019"]
[Source "ChessBase"]
[SourceDate "2018.10.10"]
[SourceVersion "1"]
[SourceVersionDate "2018.10.10"]
[SourceQuality "1"]

1. d4 Nf6 2. Nf3 g6 3. Bf4 c5 4. e3 b6 5. Be2 Bg7 6. 0-0 0-0 7. h3 Bb7 8. Nbd2 d6 9. c3 a6 10. a4 Nbd7 11. Qb1 Rc8 12. Bh2 Bh6 13. Rd1 cxd4 14. exd4 Nd5 15. Ne1 N7f6 16. Bf3 b5 17. axb5 axb5 18. Ne4 Qb6 19. Nxf6+ Nxf6 20. Bxb7 Qxb7 21. Nd3 Nd5 22. Qa2 Rc4 23. Qb3 Qc6 24. Bg3 Rb8 25. Ra7 Rb6 26. Rda1 b4 27. R1a4 Bg5 28. Kh2 h5 29. h4 Bf6 30. R7a5 Kg7 31. Ra7 Nxc3 32. Rxb4 Rcxb4 33. Nxb4 Ne4 34. Nxc6 Rxb3 35. Nxe7 Nxg3 36. fxg3 Bxd4 37. Ra3 Rxb2 38. Nd5 Rb1 39. Rd3 Bc5 40. Nf4 Rf1 41. Nd5 Kf8 42. Nc3 Ke7 43. Ne4 Re1 44. Ng5 Bg1+ 45. Kh3 Be3 46. g4 Bxg5 47. hxg5 hxg4+ 48. Kxg4 Ke6 49. Rf3 Re4+ 50. Kg3 Re5 51. Rf6+ Ke7 52. Kg4 Re1 53. g3 Re6 54. Rf1 d5 55. Ra1 Kd6 56. Ra6+ Ke5 57. Ra7 d4 58. Rxf7 d3 59. Rd7 Rd6 60. Rxd6 Kxd6 61. Kf3 Kd5 62. Ke3 Kc4 63. Kd2 Kd4 64. Kd1 Ke3 65. Ke1 d2+ 66. Kd1 Kd3 67. g4 Ke3 0-1

[Event "NRW Class2 1617"]
[Site "Germany"]
[Date "2016.12.11"]
[Round "4.2"]
[White "Podzielny, Karl Heinz"]
[Black "Orlov, Andrey"]
[Result "1/2-1/2"]
[WhiteElo "2389"]
[BlackElo "2481"]
[PlyCount "82"]
[EventDate "2016.09.25"]
[EventType "team-tourn"]
[EventRounds "9"]
[EventCountry "GER"]
[SourceTitle "EXT 2023"]
[Source "ChessBase"]
[SourceDate "2022.10.05"]
[SourceVersion "1"]
[SourceVersionDate "2022.10.05"]
[SourceQuality "1"]
[WhiteTeam "Letmathe"]
[BlackTeam "Gerresheim"]
[WhiteTeamCountry "GER"]
[BlackTeamCountry "GER"]

1. Nf3 g6 2. c4 Bg7 3. Nc3 e5 4. g3 Nc6 5. Bg2 d6 6. d3 h6 7. Bd2 Be6 8. Rb1 Qd7 9. h4 f5 10. b4 Nf6 11. b5 Nd8 12. Qc1 Nf7 13. Nh2 Qc8 14. Nd5 Nxd5 15. cxd5 Bd7 16. Nf1 b6 17. Ne3 a6 18. a4 axb5 19. axb5 0-0 20. Qc4 Ra7 21. Nc2 Qe8 22. Bc3 Bf6 23. e4 h5 24. exf5 gxf5 25. 0-0 Nh6 26. d4 e4 27. Bd2 Kh7 28. Rfe1 Rg8 29. Bf4 Qe7 30. Ra1 Rb7 31. Ne3 Qg7 32. Ra4 Ng4 33. Re2 Qf7 34. Rea2 Qe8 35. Ra7 Qb8 36. Rxb7 Qxb7 37. Rc2 Rg7 38. Qe2 Kg8 39. Qc4 Kh7 40. Ra2 Qb8 41. Rc2 Qb7 1/2-1/2

[Event "NRW Class2 1617"]
[Site "Germany"]
[Date "2016.11.13"]
[Round "3.2"]
[White "Wigger, Jochen"]
[Black "Podzielny, Karl Heinz"]
[Result "1/2-1/2"]
[WhiteElo "2292"]
[BlackElo "2389"]
[PlyCount "141"]
[EventDate "2016.09.25"]
[EventType "team-tourn"]
[EventRounds "9"]
[EventCountry "GER"]
[SourceTitle "EXT 2023"]
[Source "ChessBase"]
[SourceDate "2022.10.05"]
[SourceVersion "1"]
[SourceVersionDate "2022.10.05"]
[SourceQuality "1"]
[WhiteTeam "Niederkassel"]
[BlackTeam "Letmathe"]
[WhiteTeamCountry "GER"]
[BlackTeamCountry "GER"]

1. d4 Nf6 2. Bg5 c5 3. Bxf6 gxf6 4. d5 Qb6 5. Qc1 f5 6. c3 Bh6 7. e3 d6 8. Nf3 Nd7 9. Nbd2 Nf6 10. c4 Rg8 11. g3 Qa5 12. Bd3 b5 13. 0-0 bxc4 14. Bxc4 Rb8 15. Qc2 Rg4 16. Rfe1 Ne4 17. Bd3 Bg7 18. Nc4 Qb4 19. Rab1 Qb7 20. h3 Ng5 21. Nxg5 Rxg5 22. Bf1 Qxd5 23. Bg2 Qe6 24. Qa4+ Kf8 25. Qxa7 Rb4 26. Nb6 Be5 27. Qb8 Rxb6 28. Qxb6 h5 29. Qc6 Bd7 30. Qa8+ Kg7 31. Qd5 Qg6 32. b4 Bc3 33. Rec1 cxb4 34. h4 Be6 35. Qd3 Rg4 36. Rxc3 bxc3 37. Qxc3+ Qf6 38. Qc2 d5 39. Rd1 Qe5 40. Qd2 Ra4 41. Bxd5 Bxd5 42. Qxd5 Qxd5 43. Rxd5 e6 44. Rd2 Kf6 45. Kg2 Rc4 46. a3 Ra4 47. Rd3 Ke5 48. Kf3 Rc4 49. Rd8 Kf6 50. Rd2 Ke5 51. Ke2 Ra4 52. Rd3 Ra7 53. Rb3 Ra8 54. Kd2 Kd5 55. Kc2 e5 56. Kb2 Ke4 57. Rb7 f6 58. Rb6 Rf8 59. Kc3 Kf3 60. Rb2 f4 61. exf4 exf4 62. gxf4 Kg4 63. Kd4 Kxh4 64. Rb7 Kg4 65. Rh7 Ra8 66. f3+ Kxf4 67. Rxh5 Ra4+ 68. Kd3 Rxa3+ 69. Ke2 Ra2+ 70. Kf1 Kg3 71. Ke1 1/2-1/2

[Event "Goch op 27th"]
[Site "Goch"]
[Date "2016.09.04"]
[Round "6"]
[White "Stark, Lars"]
[Black "Podzielny, Karl Heinz"]
[Result "1/2-1/2"]
[WhiteElo "2361"]
[BlackElo "2389"]
[PlyCount "62"]
[EventDate "2016.09.01"]
[EventType "swiss"]
[EventRounds "7"]
[EventCountry "GER"]
[SourceTitle "EXT 2018"]
[Source "ChessBase"]
[SourceDate "2017.10.13"]
[SourceVersion "1"]
[SourceVersionDate "2017.10.13"]
[SourceQuality "1"]

1. c4 g6 2. Nc3 Bg7 3. g3 Nf6 4. Bg2 0-0 5. e4 d6 6. Nge2 a6 7. 0-0 c6 8. d3 b5 9. h3 Nbd7 10. Be3 Rb8 11. Nd4 Bb7 12. cxb5 axb5 13. b4 Ne8 14. Qd2 c5 15. Nc2 cxb4 16. Nxb4 Qa5 17. Rab1 Nc7 18. Rfc1 Rfc8 19. Ncd5 Nxd5 20. exd5 Qa3 21. Rxc8+ Rxc8 22. Nc6 Bxc6 23. dxc6 Nb8 24. Rxb5 Bc3 25. Qc2 Nxc6 26. Bxc6 Rxc6 27. Rb3 Qa5 28. Bd2 Bd4 29. Qxc6 Qxd2 30. Qf3 Qxa2 31. Rb7 Qe6 1/2-1/2

[Event "Goch op 27th"]
[Site "Goch"]
[Date "2016.09.03"]
[Round "5"]
[White "Podzielny, Karl Heinz"]
[Black "Van Foreest, Lucas"]
[Result "1-0"]
[WhiteElo "2389"]
[BlackElo "2350"]
[PlyCount "101"]
[EventDate "2016.09.01"]
[EventType "swiss"]
[EventRounds "7"]
[EventCountry "GER"]
[SourceTitle "EXT 2018"]
[Source "ChessBase"]
[SourceDate "2017.10.13"]
[SourceVersion "1"]
[SourceVersionDate "2017.10.13"]
[SourceQuality "1"]

1. Nf3 Nf6 2. g3 d5 3. Bg2 e6 4. 0-0 Be7 5. d3 0-0 6. Nbd2 Nc6 7. a3 e5 8. c4 e4 9. Ne1 dxc4 10. dxe4 Be6 11. e3 c3 12. bxc3 Bc4 13. Nef3 Bxf1 14. Qxf1 Nd7 15. Nd4 Na5 16. f4 Re8 17. e5 Bf8 18. Ne4 Nb6 19. Qe2 Qd7 20. Qh5 h6 21. e6 fxe6 22. Qxa5 e5 23. fxe5 Nc4 24. Nf6+ gxf6 25. Qd5+ Qxd5 26. Bxd5+ Kh8 27. Bxc4 fxe5 28. Nf5 Rad8 29. Be2 e4 30. c4 Kh7 31. g4 Bc5 32. Kg2 Re6 33. Rb1 b6 34. Ng3 Be7 35. Nh5 Re5 36. Rb5 Rxb5 37. cxb5 Rd5 38. Kf1 Rc5 39. Bb2 Rc2 40. Be5 c6 41. bxc6 Rxc6 42. a4 Kg8 43. Bb5 Rc1+ 44. Kg2 Kf7 45. Ng3 Bc5 46. Bf4 Rc2+ 47. Kh3 Rc3 48. Nf5 h5 49. gxh5 Ra3 50. h6 Kg6 51. Kg4 1-0